Vista normal
Vista MARC
- DIAGRAMAS DE FLUJO
Entrada Topical Term
Número de registros utilizados en: 4
001 - CONTROL NUMBER
- control field: 3314
003 - CONTROL NUMBER IDENTIFIER
- control field: OSt
005 - DATE AND TIME OF LATEST TRANSACTION
- control field: 20160210173205.0
008 - FIXED-LENGTH DATA ELEMENTS
- fixed length control field: 160210|| aca||aabn | a|a d
040 ## - CATALOGING SOURCE
- Original cataloging agency: OSt
- Transcribing agency: OSt
150 ## - HEADING--TOPICAL TERM
- Topical term or geographic name entry element: DIAGRAMAS DE FLUJO
670 ## - SOURCE DATA FOUND
- Source citation: Work cat.: (OSt)7075: Cairó Battistutti, Osvaldo 3313, Metodología de la programación: algorítmos, diagramas de flujo y programas, 1995